Planet of the Apes (Record no. 16736)
[ view plain ]
| 000 -LEADER | |
|---|---|
| fixed length control field | 03205ngm a2200493 4500 |
| 003 - CONTROL NUMBER IDENTIFIER | |
| control field | dpl |
| 005 - DATE AND TIME OF LATEST TRANSACTION | |
| control field | 20080723110517.0 |
| 007 - PHYSICAL DESCRIPTION FIXED FIELD--GENERAL INFORMATION | |
| fixed length control field | DVD |
| 008 - FIXED-LENGTH DATA ELEMENTS--GENERAL INFORMATION | |
| fixed length control field | ||||||sp199 xxu|||||c|||| 00| 0 eng d |
| 010 ## - LIBRARY OF CONGRESS CONTROL NUMBER | |
| LC control number | DVD-000930-932 & DVD-005456-5460 |
| 024 ## - OTHER STANDARD IDENTIFIER | |
| Standard number or code | 22080 |
| Terms of availability | 499.00 , 299.00 (Revised Price) |
| 035 ## - SYSTEM CONTROL NUMBER | |
| System control number | DVD-000930-932 |
| 035 ## - SYSTEM CONTROL NUMBER | |
| System control number | DVD-005456-5460 |
| 040 ## - CATALOGING SOURCE | |
| Original cataloging agency | DPL |
| Transcribing agency | DPL |
| 082 ## - DEWEY DECIMAL CLASSIFICATION NUMBER | |
| Classification number | DVD / PLAN |
| 245 ## - TITLE STATEMENT | |
| Title | Planet of the Apes |
| Statement of responsibility, etc | 20th Century Fox Presents |
| Medium | [videorecording] DVD/ |
| 250 ## - EDITION STATEMENT | |
| Edition statement | Special Edition |
| 260 ## - PUBLICATION, DISTRIBUTION, ETC. (IMPRINT) | |
| Name of publisher, distributor, etc | 20th Century Fox Home Entertainment |
| 300 ## - PHYSICAL DESCRIPTION | |
| Extent | 2 videodisc DVD; (120 min.) : |
| Other physical details | sd., col. ; |
| Dimensions | 4 3/4 in. |
| Type of unit | DVD |
| 440 ## - SERIES STATEMENT/ADDED ENTRY--TITLE | |
| Title | 20th Centyry Fox Home Entertainment |
| 500 ## - GENERAL NOTE | |
| General note | Sole Distributor in India M/s. Excel Productions Autio Visuals Pvt. Ltd. |
| 500 ## - GENERAL NOTE | |
| General note | This DVD is Copy Protected |
| 538 ## - SYSTEM DETAILS NOTE | |
| System details note | Dolby Digital 5.1-English Subtitles: English,Cantonese, Mandarin, Thai |
| 538 ## - SYSTEM DETAILS NOTE | |
| System details note | Aspect Ratio: 2.35:1, Presentation type: Full Frame, Presentation Size 4x3, Format DVD 9 Dual Layer Single Sided Disc. |
| 650 ## - SUBJECT ADDED ENTRY--TOPICAL TERM | |
| Topical term or geographic name as entry element | Mothin Picture |
| 700 ## - ADDED ENTRY--PERSONAL NAME | |
| Personal name | Wahlberg, Mark |
| 700 ## - ADDED ENTRY--PERSONAL NAME | |
| Personal name | Roth, Tim |
| 700 ## - ADDED ENTRY--PERSONAL NAME | |
| Personal name | Bonham Carter, Helena |
| 700 ## - ADDED ENTRY--PERSONAL NAME | |
| Personal name | Clarke Duncan, Michael |
| 700 ## - ADDED ENTRY--PERSONAL NAME | |
| Personal name | Kristofeeson, Kris |
| 700 ## - ADDED ENTRY--PERSONAL NAME | |
| Personal name | Warren, Estella |
| 700 ## - ADDED ENTRY--PERSONAL NAME | |
| Personal name | Gamatti, Paul |
| 942 ## - ADDED ENTRY ELEMENTS (KOHA) | |
| Koha item type | CD-ROMs, DVDs, VHS |
| Source of classification or shelving scheme | Dewey Decimal Classification |
| Classification part | DVD |
| Call number suffix | PLAN |
| Withdrawn status | Lost status | Source of classification or shelving scheme | Damaged status | Not for loan | Home library | Current library | Date acquired | Source of acquisition | Cost, normal purchase price | Total Checkouts | Full call number | Barcode | Date last seen | Date checked out | Copy number | Cost, replacement price | Price effective from | Koha item type | Public note | Total Renewals |
|---|---|---|---|---|---|---|---|---|---|---|---|---|---|---|---|---|---|---|---|---|
| Lost and Paid For | Dewey Decimal Classification | Central Library | Central Library | 15/10/2008 | Purchase | 499.00 | 2 | DVD PLAN | DVD-000930 | 29/01/2009 | 13/01/2009 | 1 | 499.00 | 15/10/2008 | CD-ROMs, DVDs, VHS | cost recovered by R. No. 2273/94 dt. 14.1.09 | ||||
| Dewey Decimal Classification | Janak Puri | Janak Puri | 17/12/2009 | Pioneers/885/29-10-09/325/13-10-09 /06-11-09 | 299.00 | 16 | DVD PLAN | DVD-005456 | 01/02/2014 | 25/01/2014 | 1 | 299.00 | 17/12/2009 | CD-ROMs, DVDs, VHS | ||||||
| Dewey Decimal Classification | Karol Bagh | Karol Bagh | 17/12/2009 | Pioneers/885/29-10-09/325/13-10-09 /06-11-09 | 299.00 | 19 | DVD PLAN | DVD-005459 | 28/09/2013 | 18/09/2013 | 1 | 299.00 | 17/12/2009 | CD-ROMs, DVDs, VHS | ||||||
| Dewey Decimal Classification | Narela | Narela | 17/12/2009 | Pioneers/885/29-10-09/325/13-10-09 /06-11-09 | 299.00 | 18 | DVD PLAN | DVD-005460 | 11/02/2014 | 27/01/2014 | 1 | 299.00 | 17/12/2009 | CD-ROMs, DVDs, VHS | 1 | |||||
| Dewey Decimal Classification | Patel Nagar | Patel Nagar | 15/10/2008 | Purchase | 499.00 | 26 | DVD PLAN | DVD-000932 | 11/06/2016 | 28/05/2016 | 1 | 499.00 | 15/10/2008 | CD-ROMs, DVDs, VHS | ||||||
| Dewey Decimal Classification | R.K.Puram-8 | R.K.Puram-8 | 17/12/2009 | Pioneers/885/29-10-09/325/13-10-09 /06-11-09 | 299.00 | 7 | DVD PLAN | DVD-005457 | 20/01/2018 | 19/01/2018 | 1 | 299.00 | 17/12/2009 | CD-ROMs, DVDs, VHS | 1 | |||||
| Dewey Decimal Classification | Sarojini Nagar | Sarojini Nagar | 15/10/2008 | Purchase | 499.00 | 37 | DVD PLAN | DVD-000931 | 21/04/2016 | 29/03/2016 | 1 | 499.00 | 15/10/2008 | CD-ROMs, DVDs, VHS | 1 | |||||
| Dewey Decimal Classification | Vinoba Puri | Vinoba Puri | 17/12/2009 | Pioneers/885/29-10-09/325/13-10-09 /06-11-09 | 299.00 | 15 | DVD PLAN | DVD-005458 | 05/07/2013 | 02/07/2013 | 1 | 299.00 | 17/12/2009 | CD-ROMs, DVDs, VHS |
